Albums Pink Floyd par la description de leur pochette - Statistiques

Statistiques générales
  • Ce quiz a été pris 12 fois
  • Le résultat moyen est 8 sur 15
Statistiques - réponses
Hint Date Réponse % Correct
Une énorme usine avec un cochon gonflable dans le ciel 1977 Animals
100%
Un prisme qui décompose un rayon lumineux en arc-en-ciel 1973 The Dark Side Of The Moon
100%
Un mur de briques blanches 1979 The Wall
92%
Deux grands visages métalliques, face à face 1994 The Division Bell
75%
Deux hommes se serrent la main, dont un en fen 1975 Wish You Were Here
67%
Une vache seule dans un champ 1970 Atom Heart Mother
58%
Une espèce d'oreille sous l'eau 1971 Meddle
58%
Une pièce où l'image se reflète à l'infini 1969 Ummagumma
58%
Des centaines de lits alignés sur une plage 1987 A Momentary Lapse Of Reason
50%
Des médailles et des rubans militaires, sur fond noir 1983 The Final Cut
33%
Une image floue d'un homme dans un arbre 1972 Obscured By Clouds
25%
Un homme sur une barque, au milieu des nuages 2014 The Endless River
25%
Les membres du groupe avec un effet psychédélique et flou 1967 The Piper At The Gates Of Dawn
25%
Un collage spatial et psychédélique très chargé 1968 A Saucerful Of Secrets
17%
Un paysage orangé avec au loin un moulin 1969 More
17%
Aucun quiz correspondant
Distribution des résultats
% des personnes avec chaque résultat
Percentile par nombre de réponses
Votre historique - résultats
Vous n’avez pas pris ce quiz